• 首页
  • 本馆介绍
  • 公告通知
  • 最新文献
  • 馆藏检索
  • 电子资源
  • 读者导购
  • 参考咨询
  • 我的图书馆
  • 登录
  • 详细信息显示
  • 放入我的书架
  • 预约/预借图书
  • 作者相关作品
  • 分类相关作品
  • 丛书相关作品
  • 出版社相关作品

书目信息

  • 表格格式
  • 工作单格式
  • 卡片格式
题名:
军事软实力方略
    
 
作者: 李祖发 著
分册:  
出版信息: 北京   解放军出版社  2012.02
页数: 329页
开本: 23cm
丛书名:
单 册:
中图分类: E27
科图分类:
主题词: 军事实力--研究--中国 , 军事实力
电子资源:
ISBN: 978-7-5065-6334-5
000 00840nam0 2200241 450
001 005275418
005 20120626152758.87
010    @a978-7-5065-6334-5@dCNY36.00
100    @a20120518d2012 em y0chiy50 ea
101 0  @achi
102    @aCN@b110000
105    @ay z 000yy
106    @ar
200 1  @a军事软实力方略@9jun shi ruan shi li fang lue@f李祖发著
210    @a北京@c解放军出版社@d2012.02
215    @a329页@d23cm
330    @a本书从深度解读约瑟夫·奈的经典软实力理论入手,分析“中国式软实力”的研究现状,比较中外对软实力理解在语境、内涵上的差异,结合军事软实力的特殊性,经过论证、推导和理论阐述,提出一种套军事软实力建设与运用的理论。
606 0  @a军事实力@x研究@y中国
606 0  @a军事实力
690    @aE27@v5
701  0 @a李祖发@9li zu fa@f(1974-)@4著
801  0 @aCN@bNLC@c20120518
905    @b541117-21@dE27@e2@f5
    
    军事软实力方略/李祖发著.-北京:解放军出版社,2012.02
    329页;23cm
    
    
    ISBN 978-7-5065-6334-5:CNY36.00
    本书从深度解读约瑟夫·奈的经典软实力理论入手,分析“中国式软实力”的研究现状,比较中外对软实力理解在语境、内涵上的差异,结合军事软实力的特殊性,经过论证、推导和理论阐述,提出一种套军事软实力建设与运用的理论。
●
相关链接 在E读中查询图书 在五车中查询图书 在当当中查询图书 在豆瓣中查询图书


正题名:军事软实力方略     索取号:E27/2         预约/预借

序号 登录号 条形码 馆藏地/架位号 状态 备注
1 541117   205411179   第一样本阅览室/ [索取号:E27/2] 在馆    
2 541118   205411188   第一借阅区/ [索取号:E27/2] 在馆    
3 541119   205411197   第一借阅区/ [索取号:E27/2] 在馆    
4 541120   205411204   第一借阅区/ [索取号:E27/2] 在馆    
5 541121   205411213   第一借阅区/ [索取号:E27/2] 在馆    
唐山师范学院图书馆 欢迎您!
大连网信软件有限公司© 版权所有